[Event "50th Rilton Cup 2022-23"]
[Site "Stockholm SWE"]
[Date "2023.01.05"]
[Round "9.31"]
[White "Thorn, Eric"]
[Black "Arhan, Chethan Anand"]
[Result "0-1"]
[WhiteTitle "FM"]
[WhiteElo "2397"]
[BlackElo "2112"]
[WhiteFideId "1710729"]
[BlackFideId "45062510"]
[EventDate "2022.12.27"]

1. d4 d5 2. c4 c6 3. Nf3 Nf6 4. Qc2 dxc4 5. Qxc4 Bf5 6. g3 e6 7. Bg2 Be7 8. O-O
O-O 9. Nbd2 Nbd7 10. Qb3 Qb6 11. Nc4 Qxb3 12. axb3 Be4 13. Bf4 c5 14. Bd6 Bxd6
15. Nxd6 Bd5 16. Rfc1 b6 17. b4 cxb4 18. Rc7 Rfd8 19. Ng5 Bxg2 20. Kxg2 Nf8 21.
Ngxf7 Rd7 22. Rxd7 N6xd7 23. Ng5 a5 24. f4 Nf6 25. Nc4 h6 26. Nf3 N8d7 27. b3
Rc8 28. Nfe5 Rc7 29. Kf3 Nxe5+ 30. fxe5 Nd5 31. e4 Rf7+ 32. Kg2 Nc3 33. Nxb6
Nxe4 34. Rxa5 Rf2+ 35. Kg1 Rb2 36. Ra8+ Kf7 37. Nc4 Rb1+ 38. Kg2 Nc3 39. Nd6+
Kg6 40. Re8 Rb2+ 41. Kh3 Ne2 42. d5 exd5 43. Kg4 Nd4 44. h4 h5+ 45. Kh3 Rxb3 46.
e6 Re3 47. e7 b3 48. Kg2 Nc6 49. Rc8 Nxe7 50. Rb8 Nf5 51. Rb6 Re6 0-1

[Event "50th Rilton Cup 2022-23"]
[Site "Stockholm SWE"]
[Date "2023.01.05"]
[Round "9.32"]
[White "Lever, Erwan"]
[Black "Trost, Edvin"]
[Result "1-0"]
[BlackTitle "FM"]
[WhiteElo "2241"]
[BlackElo "2380"]
[WhiteFideId "20640099"]
[BlackFideId "1729519"]
[EventDate "2022.12.27"]

1. d4 Nf6 2. c4 e6 3. g3 d5 4. Nf3 Bb4+ 5. Bd2 a5 6. Bg2 O-O 7. Qc2 Be7 8. O-O
c6 9. Bf4 Nbd7 10. Nc3 dxc4 11. e4 b5 12. Rfd1 Bb7 13. a4 b4 14. e5 Nd5 15. Ne4
Nxf4 16. gxf4 Nb6 17. Nfg5 g6 18. Nc5 Bc8 19. Bxc6 Ra7 20. Bg2 Nd5 21. Qd2 c3
22. bxc3 Nxc3 23. Nge4 Nxd1 24. Rxd1 Bd7 25. Bh3 Bc6 26. Nxe6 Qd5 27. N6c5 Kh8
28. f3 f5 29. exf6 Bxc5 30. dxc5 Qxd2 31. Rxd2 Bxa4 32. Be6 Bc6 33. f7 a4 34.
Nd6 a3 35. f5 Ba4 36. Nc8 Ra5 37. Nb6 Bc6 38. Rc2 gxf5 39. Rg2 Rxf7 40. Bxf7 h6
41. Nc8 Rxc5 42. Rg8+ Kh7 43. Ne7 h5 44. Ng6 Kh6 45. Nf8 Rc1+ 46. Kg2 Rc2+ 47.
Kh3 1-0

[Event "50th Rilton Cup 2022-23"]
[Site "Stockholm SWE"]
[Date "2023.01.05"]
[Round "9.33"]
[White "Lahdelma, Henri"]
[Black "Harshad, S"]
[Result "1/2-1/2"]
[WhiteTitle "FM"]
[BlackTitle "FM"]
[WhiteElo "2332"]
[BlackElo "2202"]
[WhiteFideId "510394"]
[BlackFideId "46616551"]
[EventDate "2022.12.27"]

1. d4 Nf6 2. c4 e6 3. Nc3 Bb4 4. Qc2 O-O 5. a3 Bxc3+ 6. Qxc3 d5 7. Bg5 c5 8.
dxc5 d4 9. Qc2 e5 10. e3 h6 11. Bh4 Nc6 12. Nf3 Qa5+ 13. Qd2 Qxd2+ 14. Nxd2 g5
15. Bg3 dxe3 16. fxe3 a5 17. b3 Nd7 18. Rb1 Nxc5 19. b4 axb4 20. axb4 Nd7 21. c5
Ra4 22. b5 Na5 23. c6 Nc5 24. Bxe5 Re8 25. Bc7 bxc6 26. Kf2 Bd7 27. Rc1 Nab7 28.
bxc6 Bxc6 29. Bc4 Ne4+ 30. Nxe4 Bxe4 31. Rhd1 Re7 32. Bb6 Na5 33. Bf1 Ra2+ 34.
Kg1 Nc6 35. Rd6 Re6 36. Rxe6 fxe6 1/2-1/2

[Event "50th Rilton Cup 2022-23"]
[Site "Stockholm SWE"]
[Date "2023.01.05"]
[Round "9.34"]
[White "Soderstrom, Adrian"]
[Black "Tanmay, Chopra"]
[Result "1/2-1/2"]
[WhiteTitle "CM"]
[BlackTitle "FM"]
[WhiteElo "2202"]
[BlackElo "2329"]
[WhiteFideId "1745786"]
[BlackFideId "25630946"]
[EventDate "2022.12.27"]

1. d4 Nf6 2. c4 e6 3. g3 d5 4. Bg2 dxc4 5. Nf3 c6 6. O-O b5 7. Ne5 Bb7 8. a4 a6
9. b3 cxb3 10. axb5 axb5 11. Rxa8 Bxa8 12. Qxb3 Qxd4 13. Bb2 Qb4 14. Qc2 Qc5 15.
Qd2 Qb6 16. Rd1 Be7 17. Qg5 h6 18. Qf4 Qc7 19. Nc3 O-O 20. Nxc6 e5 21. Qxe5 Qxe5
22. Nxe5 Bxg2 23. Kxg2 b4 24. Nd5 Nxd5 25. Rxd5 Rc8 26. Rb5 Nc6 27. Nxc6 Rxc6
28. Rb8+ Kh7 29. Rb7 Re6 30. Kf3 f5 31. e3 1/2-1/2

[Event "50th Rilton Cup 2022-23"]
[Site "Stockholm SWE"]
[Date "2023.01.05"]
[Round "9.35"]
[White "Loay, Sameer"]
[Black "Deuer, Marius"]
[Result "0-1"]
[WhiteTitle "IM"]
[BlackTitle "FM"]
[WhiteElo "2153"]
[BlackElo "2324"]
[WhiteFideId "8104239"]
[BlackFideId "16236432"]
[EventDate "2022.12.27"]

1. Nf3 Nf6 2. g3 c5 3. Bg2 Nc6 4. O-O e5 5. c4 d5 6. cxd5 Nxd5 7. Nc3 Nc7 8. d3
Be7 9. Bd2 O-O 10. Rc1 b6 11. a3 Bd7 12. Na4 Rc8 13. b4 cxb4 14. axb4 Re8 15.
Qb3 Nd4 16. Nxd4 exd4 17. Nb2 Bf6 18. Rfe1 b5 19. e4 dxe3 20. Bxe3 Be6 21. Qa3
Nd5 22. Bc5 a5 23. d4 axb4 24. Qa6 Nc3 25. Bb7 Rc7 26. Bf3 Bxd4 27. Bxb4 Bxf2+
28. Kxf2 Qd4+ 29. Kg2 Qxb4 30. Nd3 Qd4 31. Nf4 Rce7 32. Qc6 b4 33. Nxe6 fxe6 34.
Rc2 g6 35. Rf2 e5 36. Rd1 Nxd1 37. Bd5+ Kg7 38. Qf6+ Kh6 0-1

[Event "50th Rilton Cup 2022-23"]
[Site "Stockholm SWE"]
[Date "2023.01.05"]
[Round "9.36"]
[White "Shohat, Yotam"]
[Black "Priyanka, K"]
[Result "1/2-1/2"]
[WhiteTitle "FM"]
[BlackTitle "WIM"]
[WhiteElo "2294"]
[BlackElo "2146"]
[WhiteFideId "2813955"]
[BlackFideId "5082986"]
[EventDate "2022.12.27"]

1. e4 c5 2. Nf3 d6 3. Bb5+ Bd7 4. a4 Nc6 5. O-O g6 6. Re1 Bg7 7. c3 a6 8. Bxc6
Bxc6 9. d4 cxd4 10. cxd4 e5 11. Nc3 Ne7 12. Be3 O-O 13. dxe5 dxe5 14. Bc5 Re8
15. Qb3 Nc8 16. Red1 Qc7 17. Rac1 Bh6 18. Rc2 b6 19. Ba3 Bg7 20. h4 Qb7 21. h5
Na7 22. hxg6 hxg6 23. Nd5 Bxd5 24. Rxd5 Rad8 25. Rcd2 Nc6 26. Bc5 Rxd5 27. Rxd5
Na5 28. Qxb6 Qxb6 29. Bxb6 Nc4 30. a5 Nxb2 31. g4 Nc4 32. Bc7 f6 33. Kf1 g5 34.
Ke2 Bf8 35. Kd3 Na3 36. Nd2 Rc8 37. Bb6 Bb4 38. Rd8+ Rxd8+ 39. Bxd8 Kf7 40. Nc4
Nb5 41. Ne3 Bc5 42. Nd5 Bxf2 43. Nb4 Nd6 44. Nxa6 Nb7 45. Bb6 Be1 46. Nc5 Nxc5+
47. Bxc5 Bxa5 48. Ke2 Ke6 49. Kf3 Kd7 50. Ba3 Bc7 51. Bc5 Bd6 52. Bb6 Be7 53.
Ba5 Kc6 54. Be1 Kb5 55. Bf2 Bc5 56. Be1 Bb6 57. Bd2 Kc4 58. Be1 Kb3 59. Bd2 Kc4
60. Be1 1/2-1/2

[Event "50th Rilton Cup 2022-23"]
[Site "Stockholm SWE"]
[Date "2023.01.05"]
[Round "9.37"]
[White "Aditya, Varun Gampa"]
[Black "Kononenko, Dmitry2"]
[Result "1-0"]
[BlackTitle "FM"]
[WhiteElo "2249"]
[BlackElo "2301"]
[WhiteFideId "45066183"]
[BlackFideId "14113538"]
[EventDate "2022.12.27"]

1. e4 c6 2. d4 d5 3. exd5 cxd5 4. Bd3 Nc6 5. c3 Nf6 6. Bf4 g6 7. Nf3 Bf5 8. Ne5
Bxd3 9. Nxd3 Bg7 10. O-O O-O 11. Nd2 Re8 12. Nf3 Ne4 13. Re1 e6 14. Nfe5 Rc8 15.
Nxc6 Rxc6 16. Qf3 Qh4 17. Re2 Rec8 18. Qe3 Qd8 19. f3 Nd6 20. Rae1 b5 21. g4 a5
22. a3 Nc4 23. Qf2 Bf8 24. h4 b4 25. axb4 axb4 26. cxb4 Rb6 27. b3 Nd6 28. h5 g5
29. Bd2 Nb5 30. f4 Bg7 31. Ne5 Nd6 32. fxg5 Bxe5 33. Rxe5 Ne4 34. Qf4 Rc2 35.
Rf1 Qe7 36. Be1 Ra6 37. g6 hxg6 38. Bh4 f6 39. Bxf6 Nxf6 40. Rg5 Raa2 41. Rxg6+
Kh8 42. Rh6+ Kg8 43. Rg6+ Kh8 44. Rxf6 Rg2+ 45. Kh1 Rh2+ 46. Qxh2 Rxh2+ 47. Kxh2
Qxb4 48. g5 Qd2+ 49. R1f2 Qxg5 50. Rf8+ Kh7 51. R2f7+ 1-0

[Event "50th Rilton Cup 2022-23"]
[Site "Stockholm SWE"]
[Date "2023.01.05"]
[Round "9.38"]
[White "Akesson, Ralf"]
[Black "Lye, Lik Zang"]
[Result "1-0"]
[WhiteTitle "GM"]
[BlackTitle "FM"]
[WhiteElo "2404"]
[BlackElo "2241"]
[WhiteFideId "1700120"]
[BlackFideId "5712181"]
[EventDate "2022.12.27"]

1. c4 c6 2. Nf3 d5 3. e3 Nf6 4. b3 Bf5 5. Bb2 e6 6. Be2 h6 7. O-O Nbd7 8. d3 Bh7
9. Nc3 Bd6 10. cxd5 exd5 11. a3 a5 12. e4 O-O 13. Re1 Re8 14. h3 Qb6 15. Bf1
Rad8 16. exd5 Nxd5 17. Nxd5 cxd5 18. Rxe8+ Rxe8 19. b4 axb4 20. axb4 Qxb4 21.
Rb1 Qa5 22. Qb3 b6 23. Nd4 Qa8 24. Nb5 Be5 25. Bxe5 Rxe5 26. Qc3 Qb8 27. Qc6 Bf5
28. Nd4 Qe8 29. Ra1 Kh7 30. Ra8 Qe7 31. Nf3 Re6 32. Qxd5 Bg6 33. Qb7 Ne5 34. Qd5
Nxf3+ 35. Qxf3 Re1 36. g3 Qb4 37. Kg2 Qb1 38. Be2 Rxe2 39. Qxe2 Bxd3 40. Qa2
Qf1+ 41. Kf3 Qh1+ 42. Ke3 Bb1 43. Qa3 Qe1+ 44. Kd4 Qxf2+ 45. Qe3 Qc2 46. Qa3
Qd2+ 47. Kc4 Be4 48. Ra7 Qd5+ 49. Kc3 Qd3+ 50. Kb4 Qd4+ 51. Kb5 Bd3+ 52. Kc6
Qf6+ 53. Qd6 Be4+ 54. Kc7 Qf2 55. Kd8 b5 56. Re7 Bg6 57. Rb7 Qf1 58. h4 Qc4 59.
Rb8 Bf5 60. Ke7 Qe4+ 61. Kf8 Be6 62. Rxb5 Qa8+ 63. Rb8 Qe4 64. Rd8 Kg6 65. Kg8
f5+ 66. Kh8 Kh5 67. Kxg7 Qb7+ 68. Kf6 Bb3 69. Rb8 Qf7+ 70. Ke5 Qg7+ 71. Kxf5
Bc2+ 72. Ke6 Bb3+ 73. Rxb3 Qg8+ 74. Kf5 Qf7+ 75. Qf6 Qd7+ 76. Ke4 Qa4+ 77. Kf5
Qb5+ 78. Qe5 Qxb3 79. Qe8+ 1-0

[Event "50th Rilton Cup 2022-23"]
[Site "Stockholm SWE"]
[Date "2023.01.05"]
[Round "9.39"]
[White "Wagh, Suyog"]
[Black "Joel Paul Ganta"]
[Result "1-0"]
[WhiteTitle "FM"]
[WhiteElo "2376"]
[BlackElo "2183"]
[WhiteFideId "25071688"]
[BlackFideId "35066145"]
[EventDate "2022.12.27"]

1. Nf3 g6 2. d4 Nf6 3. g3 Bg7 4. Bg2 O-O 5. O-O d6 6. c4 c5 7. Nc3 Nc6 8. d5 Na5
9. Nd2 a6 10. Qc2 b5 11. cxb5 axb5 12. Nxb5 Ba6 13. Nc3 Nd7 14. Re1 Rb8 1-0

[Event "50th Rilton Cup 2022-23"]
[Site "Stockholm SWE"]
[Date "2023.01.05"]
[Round "9.40"]
[White "Goh, Zi Han"]
[Black "Van Dael, Siem"]
[Result "1/2-1/2"]
[WhiteTitle "CM"]
[BlackTitle "FM"]
[WhiteElo "2126"]
[BlackElo "2345"]
[WhiteFideId "5819156"]
[BlackFideId "1049771"]
[EventDate "2022.12.27"]

1. d4 Nf6 2. c4 g6 3. Nc3 Bg7 4. e4 d6 5. Be2 O-O 6. Be3 Nc6 7. d5 Ne5 8. f4
Neg4 9. Bd2 Nh6 10. h3 e6 11. dxe6 fxe6 12. g4 Nd7 13. Nf3 Nc5 14. Qc2 b5 15. b4
Na4 16. g5 Nf7 17. O-O-O Nb6 18. Nxb5 a6 19. Nbd4 Bd7 20. c5 Ba4 21. Nb3 Nd7 22.
Be3 Qe7 23. Bc4 Rfb8 24. Qd2 Bc6 25. Nfd4 Bxe4 26. Nxe6 Bh8 27. Rhe1 a5 28. Bf2
Bf5 29. Nxc7 Qf8 30. Nxa8 Rxb4 31. Qd5 a4 32. Qxf7+ Qxf7 33. Bxf7+ Kxf7 34. Bd4
Rc4+ 35. Kb2 Rc2+ 36. Ka3 axb3 37. Bxh8 Rxa2+ 38. Kxb3 Rxa8 39. Bd4 dxc5 40. Be5
Be6+ 41. Kb2 Ra2+ 42. Kb1 Rh2 43. Rd6 Rxh3 44. Bf6 Nf8 45. Rc6 Rb3+ 46. Kc2 Rb7
47. Rxc5 Bf5+ 48. Kc3 Ne6 49. Rc4 h5 50. Kd2 h4 51. Ke3 h3 52. Re2 Rd7 53. Rc3
Nc7 54. Kf3 Nd5 55. Rb3 Nxf6 56. gxf6 Kxf6 57. Kg3 Rd6 58. Reb2 g5 59. Rb6 Re6
60. fxg5+ Kxg5 61. Rxe6 Bxe6 62. Rb5+ Kf6 63. Kf4 h2 64. Rh5 h1=Q 65. Rxh1 Bf7
66. Rg1 Be6 67. Ra1 Bc4 68. Rb1 Kg7 69. Ke5 Bg8 70. Rb7+ Kh8 71. Kf6 Bd5 72.
Rb8+ Kh7 73. Rd8 Bc4 74. Rd7+ Kh8 75. Kg6 Bb3 76. Rh7+ Kg8 77. Rh1 Bc2+ 78. Kf6
Bd3 79. Rg1+ Kh8 80. Rg7 Bc2 81. Rg3 Kh7 82. Kf7 Kh8 83. Rh3+ Bh7 84. Kf6 Kg8
85. Rg3+ Kh8 86. Rg7 Bd3 87. Rg3 Be4 88. Rc3 Kh7 89. Re3 Bc2 90. Kf7 Kh8 91.
Rh3+ Bh7 92. Rh2 1/2-1/2

[Event "50th Rilton Cup 2022-23"]
[Site "Stockholm SWE"]
[Date "2023.01.05"]
[Round "9.41"]
[White "Mertanen, Janne"]
[Black "Gomez Aguirre, Juan Alberto"]
[Result "1/2-1/2"]
[WhiteTitle "FM"]
[WhiteElo "2269"]
[BlackElo "2108"]
[WhiteFideId "501875"]
[BlackFideId "54587867"]
[EventDate "2022.12.27"]

1. d4 Nf6 2. c4 e6 3. Nc3 Bb4 4. f3 c5 5. d5 O-O 6. e4 b5 7. Nh3 bxc4 8. Bxc4
Bb7 9. Nf4 exd5 10. Nxd5 Nxd5 11. Bxd5 Nc6 12. O-O Qf6 13. Ne2 Ba6 14. Rf2 Rab8
15. Rb1 Ne5 16. Nf4 c4 17. Be3 Nd3 18. Nxd3 cxd3 19. a3 Ba5 20. b4 Bb6 21. Bxb6
Qxb6 22. g3 Rfc8 23. Kg2 Qd4 24. Rd2 Rc3 25. Qe1 Rxa3 26. Qf2 Qxf2+ 27. Kxf2 Bb5
28. Rc1 g6 29. Ke3 Bc6 30. Bxc6 dxc6 31. Rxc6 Rxb4 32. Rxd3 Rxd3+ 33. Kxd3 Rb2
34. Ra6 Rxh2 1/2-1/2

[Event "50th Rilton Cup 2022-23"]
[Site "Stockholm SWE"]
[Date "2023.01.05"]
[Round "9.42"]
[White "Ruiz Buendia, Miguel"]
[Black "Mahitosh, Dey"]
[Result "1-0"]
[WhiteTitle "FM"]
[BlackTitle "FM"]
[WhiteElo "2257"]
[BlackElo "2134"]
[WhiteFideId "24537675"]
[BlackFideId "25091468"]
[EventDate "2022.12.27"]

1. e4 d6 2. d4 Nf6 3. Nc3 g6 4. h3 Bg7 5. Be3 O-O 6. Nf3 Nc6 7. Qd2 e5 8. d5 Ne7
9. g4 c6 10. g5 Ne8 11. O-O-O Qa5 12. Re1 b5 13. dxc6 b4 14. Nd5 Nxc6 15. Bc4
Be6 16. Qd3 Rb8 17. Nd2 b3 18. Bxb3 1-0

[Event "50th Rilton Cup 2022-23"]
[Site "Stockholm SWE"]
[Date "2023.01.05"]
[Round "9.43"]
[White "Mierins, Emils Janis"]
[Black "Wernberg, Hugo"]
[Result "1/2-1/2"]
[BlackTitle "FM"]
[WhiteElo "2118"]
[BlackElo "2255"]
[WhiteFideId "11616830"]
[BlackFideId "1737511"]
[EventDate "2022.12.27"]

1. e4 e6 2. d4 d5 3. Nd2 c5 4. exd5 Qxd5 5. Ngf3 cxd4 6. Bc4 Qd7 7. O-O Nc6 8.
Nb3 Nf6 9. Re1 a6 10. a4 Qc7 11. Nbxd4 Nxd4 12. Qxd4 Bc5 13. Qh4 Bd7 14. Bd3 h6
15. Bf4 Bd6 16. Bxd6 Qxd6 17. Rad1 Qc7 18. Qb4 Rc8 19. Ne5 Nd5 20. Qa3 Qc5 21.
Qb3 Qb6 22. Qa3 Qc5 23. Qb3 Qb6 24. Qa3 Qc5 1/2-1/2

[Event "50th Rilton Cup 2022-23"]
[Site "Stockholm SWE"]
[Date "2023.01.05"]
[Round "9.44"]
[White "Rakshitta, Ravi"]
[Black "Guillo Longares, Cecilia"]
[Result "1-0"]
[WhiteTitle "WIM"]
[BlackTitle "WFM"]
[WhiteElo "2242"]
[BlackElo "1941"]
[WhiteFideId "25073230"]
[BlackFideId "32082681"]
[EventDate "2022.12.27"]

1. e4 c5 2. Nc3 Nc6 3. Bb5 Nd4 4. Bc4 a6 5. Nf3 g6 6. Nxd4 cxd4 7. Qf3 e6 8. Ne2
Bg7 9. c3 dxc3 10. dxc3 b5 11. Bb3 Bb7 12. Qd3 Nf6 13. f3 d5 14. e5 Nd7 15. f4
Nc5 16. Qd4 Bf8 17. Be3 Qh4+ 18. Bf2 Qd8 19. Bc2 Rc8 20. O-O Nd7 21. Qd2 Qc7 22.
a3 Nb6 23. Bd4 Nc4 24. Qc1 Bc5 25. Bxc5 Qxc5+ 26. Nd4 a5 27. Kh1 b4 28. axb4
axb4 29. Ba4+ Kd8 30. Rf3 Nb6 31. Bb3 Nc4 32. Rd3 Qb6 33. Ra4 Na5 34. Qd1 bxc3
35. bxc3 Ba6 36. Rb4 Qc5 37. Rf3 Ke7 38. Qa1 Rb8 39. Qxa5 Qxa5 40. Nc6+ Kd7 41.
Nxa5 Bb5 42. Rxb5 Rxb5 43. Ba4 Rb8 44. c4 dxc4 45. Nxc4 Ke7 46. Bxb5 Rxb5 47. h3
Rc5 48. Nd2 Rc1+ 49. Kh2 Re1 50. Rd3 Rd1 51. Rd6 Re1 52. Kg3 g5 53. Kf2 1-0

[Event "50th Rilton Cup 2022-23"]
[Site "Stockholm SWE"]
[Date "2023.01.05"]
[Round "9.45"]
[White "Westerinen, Heikki M.J."]
[Black "Koykka, Pekka"]
[Result "1/2-1/2"]
[WhiteTitle "GM"]
[BlackTitle "IM"]
[WhiteElo "2253"]
[BlackElo "2351"]
[WhiteFideId "500020"]
[BlackFideId "504319"]
[EventDate "2022.12.27"]

1. e4 d5 2. exd5 Qxd5 3. Nc3 Qd6 4. d4 Nf6 5. Nf3 c6 6. Ne5 Nbd7 7. Bf4 Nxe5 8.
Bxe5 Qd8 9. Be2 Bf5 10. O-O e6 11. Bf3 Bd6 12. Qe2 O-O 13. Rad1 Re8 14. Ne4 Nxe4
15. Bxe4 Bxe4 16. Qxe4 Qe7 17. Rd3 Rad8 18. Rfd1 Rd7 19. h3 Red8 20. c3 Bc7 21.
a3 Rd5 22. c4 R5d7 23. Bxc7 Rxc7 24. d5 exd5 25. Qxe7 Rxe7 26. cxd5 Red7 27. d6
f5 28. f4 Kf7 29. Kf2 Ke6 30. Re3+ Kf6 31. Red3 Ke6 32. Re3+ Kf6 33. Red3 1/2-1/2

[Event "50th Rilton Cup 2022-23"]
[Site "Stockholm SWE"]
[Date "2023.01.05"]
[Round "9.46"]
[White "Ornstein, Axel"]
[Black "Bellon Lopez, Juan Manuel"]
[Result "1-0"]
[WhiteTitle "IM"]
[BlackTitle "GM"]
[WhiteElo "2249"]
[BlackElo "2314"]
[WhiteFideId "1700111"]
[BlackFideId "2200031"]
[EventDate "2022.12.27"]

1. c4 e5 2. g3 g6 3. Bg2 Bg7 4. Nc3 Nc6 5. Nf3 d6 6. d3 Nge7 7. Nd5 O-O 8. h4
Nxd5 9. cxd5 Ne7 10. h5 c6 11. dxc6 bxc6 12. hxg6 fxg6 13. Qa4 Bf6 14. Ng5 h5
15. Ne4 Bg7 16. Bg5 Rf7 17. Qa3 Qb6 18. Be3 Qc7 19. Nxd6 Rf8 20. Nxc8 Rfxc8 21.
Rc1 Qd7 22. Bg5 Nf5 23. Bh3 Qf7 24. Qb3 Rcb8 25. Qxf7+ Kxf7 26. b3 Nd4 27. Bg2
Rb6 28. Bd2 Rc8 29. e3 Ne6 30. Rh4 Bf8 31. Ra4 a6 32. d4 exd4 33. exd4 Re8 34.
Kf1 c5 35. dxc5 Bxc5 36. Bd5 Bf8 37. Rc6 Rxc6 38. Bxc6 Rd8 39. Be3 a5 40. Rxa5
Bb4 41. Rb5 Bc3 42. Bd5 1-0

[Event "50th Rilton Cup 2022-23"]
[Site "Stockholm SWE"]
[Date "2023.01.05"]
[Round "9.48"]
[White "Shaik, Sumer Arsh"]
[Black "Ask, Josef"]
[Result "1-0"]
[WhiteTitle "CM"]
[BlackTitle "FM"]
[WhiteElo "2290"]
[BlackElo "2202"]
[WhiteFideId "45020000"]
[BlackFideId "1704583"]
[EventDate "2022.12.27"]

1. d4 Nf6 2. c4 g6 3. Nc3 Bg7 4. e4 d6 5. Be2 O-O 6. Be3 c5 7. d5 e6 8. Nf3 exd5
9. cxd5 a6 10. a4 Ne8 11. Nd2 f5 12. exf5 gxf5 13. Bf4 Nd7 14. Nc4 Ne5 15. O-O
Ng6 16. Qd2 Nxf4 17. Qxf4 Rf6 18. Rfe1 Rh6 19. Bd3 Bd7 20. g3 Rg6 21. a5 Rb8 22.
Qf3 Rg5 23. Nb6 Bd4 24. h4 Rg7 25. Nxd7 Qxd7 26. Bxf5 Qd8 27. Be6+ 1-0

[Event "50th Rilton Cup 2022-23"]
[Site "Stockholm SWE"]
[Date "2023.01.05"]
[Round "9.49"]
[White "Ostlund, Joar"]
[Black "Cederstam, Carl"]
[Result "1-0"]
[WhiteTitle "CM"]
[BlackTitle "FM"]
[WhiteElo "2212"]
[BlackElo "2276"]
[WhiteFideId "1735020"]
[BlackFideId "1713329"]
[EventDate "2022.12.27"]

1. d4 d5 2. c4 c6 3. Nf3 Nf6 4. Nc3 e6 5. Bg5 h6 6. Bxf6 Qxf6 7. e3 Nd7 8. Be2
dxc4 9. O-O g6 10. Ne4 Qe7 11. Ne5 Bg7 12. f4 O-O 13. Bxc4 Nf6 14. Nxf6+ Bxf6
15. Qf3 Bd7 16. g4 Rad8 17. Rac1 Bc8 18. Qg3 a5 19. f5 Bxe5 20. Qxe5 b5 21. f6
Qa7 22. Bd3 Rd5 23. Qf4 Rg5 24. Kh1 Kh7 25. Qd6 Kg8 26. Rf4 Rd5 27. Qe7 Rd7 28.
Qc5 Qb8 29. Be4 Rd6 30. Rf3 e5 31. Qxe5 Bxg4 32. Rg3 Re8 33. Qf4 Rde6 34. Qxb8 1-0

[Event "50th Rilton Cup 2022-23"]
[Site "Stockholm SWE"]
[Date "2023.01.05"]
[Round "9.50"]
[White "Kupervaser, Erez"]
[Black "Kukreja, Sankalp"]
[Result "1-0"]
[WhiteTitle "FM"]
[BlackTitle "CM"]
[WhiteElo "2331"]
[BlackElo "2254"]
[WhiteFideId "2814587"]
[BlackFideId "45027676"]
[EventDate "2022.12.27"]

1. e4 c5 2. Nf3 e6 3. d4 cxd4 4. Nxd4 Nc6 5. Nc3 Qc7 6. f4 a6 7. Nxc6 Qxc6 8.
Bd3 b5 9. Qe2 Bb7 10. Bd2 Bc5 11. a3 Ne7 12. O-O-O O-O 13. Rhf1 f5 14. g4 d5 15.
gxf5 exf5 16. e5 Qe6 17. Kb1 d4 18. Na2 Bd5 19. Nc1 Nc6 20. Rg1 Ra7 21. Rg3 Rb8
22. Rdg1 Bf8 23. h4 Rab7 24. Rg5 Rf7 25. Be1 a5 26. Qh5 Be4 27. Bxe4 fxe4 28. f5
Qxe5 29. Bg3 Qe8 30. Bxb8 Qxb8 31. Qg4 h6 32. Rg6 Ne7 33. Re6 Nxf5 34. Qxe4 Qh2
35. Rh1 Qc7 36. Qc6 Qa7 37. Re8 Kh7 38. Rf1 Nxh4 39. Rxf8 Rxf8 40. Rxf8 Qe7 41.
Re8 1-0

[Event "50th Rilton Cup 2022-23"]
[Site "Stockholm SWE"]
[Date "2023.01.05"]
[Round "9.51"]
[White "Shailesh, Dravid"]
[Black "Acikel, Mert"]
[Result "1-0"]
[WhiteTitle "FM"]
[BlackTitle "FM"]
[WhiteElo "2286"]
[BlackElo "2234"]
[WhiteFideId "25017969"]
[BlackFideId "12956465"]
[EventDate "2022.12.27"]

1. e4 e5 2. Nf3 Nc6 3. Bc4 Bc5 4. c3 Nf6 5. d4 exd4 6. e5 d5 7. Bb5 Ne4 8. cxd4
Bb6 9. Be3 O-O 10. Nc3 Bg4 11. Qc2 Ba5 12. h3 Bh5 13. Be2 f6 14. exf6 Qxf6 15.
Rd1 Rae8 16. O-O Bxc3 17. bxc3 Na5 18. Rb1 Bxf3 19. Bxf3 Qc6 20. Rbc1 Nc4 21.
Rfe1 a5 22. Bh5 g6 23. Bf3 Kg7 24. h4 h6 25. Rcd1 Qf6 26. h5 g5 27. Bc1 Ncd6 28.
Re2 Qf5 29. Rde1 g4 30. Bxe4 Rxe4 31. Rxe4 Nxe4 32. c4 c6 33. cxd5 cxd5 34. Be3
Rf7 35. Rb1 g3 36. fxg3 Qxh5 37. Bf4 Qg6 38. Qc8 Nf6 39. Rf1 Qd3 40. Be5 Qe3+
41. Kh2 Qg5 42. Rf5 1-0

[Event "50th Rilton Cup 2022-23"]
[Site "Stockholm SWE"]
[Date "2023.01.05"]
[Round "9.52"]
[White "Katkov, Michelle"]
[Black "Torngren, Gustav"]
[Result "0-1"]
[WhiteTitle "WFM"]
[BlackTitle "FM"]
[WhiteElo "2220"]
[BlackElo "2275"]
[WhiteFideId "2816393"]
[BlackFideId "1728970"]
[EventDate "2022.12.27"]

1. e4 c6 2. Nf3 d5 3. d3 g6 4. Qe2 Bg7 5. g3 Bg4 6. Bg2 e6 7. O-O Ne7 8. Nbd2
Nd7 9. h3 Bxf3 10. Nxf3 O-O 11. e5 a5 12. d4 a4 13. Bg5 h6 14. Be3 Nf5 15. g4
Nxe3 16. Qxe3 c5 17. c3 Qb6 18. Qd2 cxd4 19. cxd4 Nb8 20. Rfd1 Nc6 21. Kh1 Rfc8
22. Rac1 Nb4 23. Rxc8+ Rxc8 24. a3 Na2 25. Bf1 Qb3 26. Bd3 Bf8 27. Kg2 b5 28.
Bb1 b4 29. Bxa2 Qxa2 30. axb4 Qb3 31. Rc1 Rc4 32. h4 Kg7 33. Qd1 Qxb4 34. Ra1
Be7 35. Kg3 Qxb2 36. Rxa4 Rc1 37. Qd3 Rc3 38. Qd1 Bxh4+ 0-1

[Event "50th Rilton Cup 2022-23"]
[Site "Stockholm SWE"]
[Date "2023.01.05"]
[Round "9.53"]
[White "Raghav, Srivathsav V"]
[Black "Schenderowitsch, Michael"]
[Result "0-1"]
[BlackTitle "FM"]
[WhiteElo "2059"]
[BlackElo "2269"]
[WhiteFideId "5073316"]
[BlackFideId "4661923"]
[EventDate "2022.12.27"]

1. f4 d5 2. e3 g6 3. Nf3 Bg7 4. Be2 c5 5. O-O Nc6 6. d3 Nf6 7. a4 O-O 8. Qe1 b6
9. Nbd2 Ng4 10. Nb3 Nf6 11. Ne5 Qc7 12. a5 Rb8 13. Nxc6 Qxc6 14. Bf3 Bg4 15.
Bxg4 Nxg4 16. h3 Nh6 17. g4 f5 18. g5 Nf7 19. axb6 axb6 20. Ra7 Rb7 21. Rxb7
Qxb7 22. d4 Rc8 23. c3 Qa6 24. dxc5 bxc5 25. Qd1 e6 26. h4 Nd6 27. h5 Ne4 28.
Kg2 Rb8 29. Nd2 Nd6 30. Nf3 Qb5 31. Nh4 Qe8 32. hxg6 hxg6 33. Rh1 Rb6 34. Nf3
Qa8 35. Kg1 Nf7 36. Rh2 e5 37. Rd2 e4 38. Ne5 Bxe5 39. fxe5 Nxe5 40. Rxd5 Nd3
41. Rxd3 exd3 42. Qxd3 Re6 43. b4 Qe4 44. Qd8+ Re8 45. Qd7 Qe6 46. Qb5 c4 47.
Qa4 f4 48. e4 f3 49. Kf2 Qxe4 50. Bf4 Qe2+ 51. Kg3 f2 52. Qc6 f1=N+ 53. Kh4 Qh5# 0-1